| 000 | 00551cam a2200217 4500 | ||
|---|---|---|---|
| 001 | J63043 | ||
| 008 | 000000n2000 000 0 eng u | ||
| 035 | _a(Sirsi) u109857 | ||
| 041 | _aeng | ||
| 050 | _a711.552 | ||
| 110 |
_aDTZ Pieda Consulting _93600 |
||
| 245 | _aRetail appeals bulletin. | ||
| 260 |
_aLondon _bDTZ Pieda Consulting _c2000 |
||
| 300 | _a1 folded sheet. ; 30cm. | ||
| 350 | _a0 | ||
| 650 | _aPLANNING APPEALS | ||
| 650 | _aPLANNING | ||
| 650 | _aRETAIL PROPERTY | ||
| 690 | _aPROPERTY-COMMERCIAL PROPERTY | ||
| 942 | _n0 | ||
| 999 |
_c101017 _d101017 |
||